| 000 | 00742cam a2200229 a 4500 | ||
|---|---|---|---|
| 003 | AE-DuALZ | ||
| 008 | 060602s2025 ts ko g 000 0 eng d | ||
| 040 |
_aAE-ALZAD _cAE-ALZAD |
||
| 041 | 0 |
_aeng _aara |
|
| 050 | 1 | 4 |
_aNA2440 _b.Y68 2025 |
| 100 | 1 |
_aYounis, Ala. _9188 |
|
| 245 | 1 | 0 |
_aPast of a Temporal Universe = _bماضي زمن مؤقت / _cAla Younis. |
| 246 | 3 | 1 | _aماضي زمن مؤقت |
| 260 |
_aAbu Dhabi : _bNYU Abu Dhabi Art Gallery, _c2025. |
||
| 300 |
_a93, 93 p. : _bphotos, forms _c21 cm. |
||
| 546 | _aText in English and Arabic. | ||
| 590 | _aLB-AJLLC-9789 | ||
| 650 | 0 |
_aArchitecture _vExhibitions. |
|
| 650 | 0 |
_aArt, Modern _vExhibitions. |
|
| 710 | 2 | _aNew York University Abu Dhabi Art Gallery. | |
| 942 |
_2lcc _cBK |
||
| 999 |
_c10172 _d10172 |
||